Statistics for Nicknames of Premier League Teams

Click here to take the quiz!

General Stats

  • This quiz has been taken 1,171 times
  • The average score is 13 of 20

Answer Stats

HintAnswer% Correct
ArsenalThe Gunners
96%
Manchester UnitedThe Red Devils
92%
ChelseaThe Blues
88%
LiverpoolThe Reds
86%
Tottenham HotspurThe Spurs/The Lilywhites
83%
West Ham UnitedThe Hammers
80%
Hull CityThe Tigers
71%
Leicester CityThe Foxes
70%
Swansea CityThe Swans
70%
EvertonThe Toffees
70%
Crystal PalaceThe Eagles
63%
Newcastle UnitedThe Magpies
63%
SouthamptonThe Saints
62%
Stoke CityThe Potters
54%
Manchester CityThe Citizens
49%
SunderlandThe Black Cats
46%
West Bromwich AlbionThe Baggies
42%
BurnleyThe Clarets
41%
Aston VillaThe Villans
40%
Queen's Park RangersThe Hoops
25%

Score Distribution

Percentile by Number Answered

Percent of People with Each Score

Your Score History

You have not taken this quiz